000 00632nam a2200181 a 4500
005 20141128142811.0
008 140124b2005 ck ||||| |||| 00| 0 spa d
040 _aCO-BooIH
_cCO-BooIH
041 _aspa
044 _ack
090 _aIAVH
_b00203
100 _aRivera de Bustos, Emma Lucia
_95038
245 _aEstablecimiento de un mecanismo de intercambio de información en bioseguridad - BCH-, así como mecanismos de divulgación y sensibilización del público en bioseguridad
_binforme final
260 _aBogotá
_bInstituto Alexander von Humboldt
_c2005
300 _a314 p.
942 _cINFORME
_2z
945 _d2005-11-16
999 _c4817
_d4817